Vybrané problémy marketingu súkromnej školy bakalárska práca

Gespeichert in:
Bibliographische Detailangaben
1. Verfasser: Šeböková, Patrícia
Körperschaft: Podnikovohospodárska fakulta EU so sídlom v Košiciach. Katedra obchodného podnikania
Weitere Verfasser: Lieskovská, Vanda, 1961-
Format: Buch
Sprache:Slowakisch
Veröffentlicht: Košice 2025
Tags: Tag hinzufügen
Keine Tags, Fügen Sie das erste Tag hinzu!

MARC

LEADER 00000nbm a2200000 4500
001 0310882
005 20260203130352.0
041 0 |a slo 
044 |a SK 
245 1 0 |a Vybrané problémy marketingu súkromnej školy  |b bakalárska práca  |c Patrícia Šeböková ; školiteľ: Vanda Lieskovská 
264 1 |a Košice  |c 2025 
300 |a 51 s. 
100 1 |a Šeböková, Patrícia 
700 1 |a Lieskovská, Vanda, 1961- 
710 2 |a Podnikovohospodárska fakulta EU so sídlom v Košiciach. Katedra obchodného podnikania